Alfabet - Statistics

General Stats
  • This quiz has been taken 188 times
  • The average score is 21 of 23
Answer Stats
Answer % Correct
A
100%
B
97%
E
96%
C
95%
D
95%
I
95%
J
95%
H
93%
F
92%
K
92%
O
92%
G
91%
L
90%
M
90%
P
90%
N
89%
R
86%
T
86%
U
86%
S
85%
Y
85%
Z
85%
W
84%
No matching quizzes found
Score Distribution
Percent of People with Each Score
Percentile by Number Answered
Your Score History
You have not taken this quiz